=LDR 00000nam 2200000 4500 =001 INLIS000000000037629 =005 20200218020659 =035 ##$$a 0010-061300000037629 =008 200218################g##########0#ind## =041 ##$$a Ind =082 ##$$a 158.1 =090 ##$$a 158.1, Uto s =100 ##$$a Utomo, Indayati =245 1#$$a Smart at work, : $b Bersikap tepat di saat yang tepat /$c Indayati Oetomo =260 ##$$a Yogyakarta :$b ANDI,$c 2006 =300 ##$$a viii, 83 hlm, ; $c 23 x 15 cm. =650 #4$$a Sukses (Psikologi) =850 ##$$a NBPNMAT =020 ##$$a 979-763-457-4 =084 ##$$a 158.1 Uto s =990 ##$$a 21110546 =990 ##$$a 21110548 =990 ##$$a 21110547